Αναερόβιες διεργασίες μονάδων εδαφικής διάθεσης απορριμάτων - κώδικας εκτίμησης ρυθμού παραγωγής βιοαερίου από ΜΕΔΑ : πτυχιακή εργασία

Αποθηκεύτηκε σε:
Λεπτομέρειες βιβλιογραφικής εγγραφής
Κύριος συγγραφέας: Σωτηροπούλου, Ραφαέλλα-Ελένη
Συγγραφή απο Οργανισμό/Αρχή: Πανεπιστήμιο Αιγαίου. Σχολή Περιβάλλοντος. Τμήμα Περιβάλλοντος
Άλλοι συγγραφείς: Χαλβαδάκης, Κωνσταντίνος Π. (Εισηγητής διατριβής)
Μορφή: Thesis Βιβλίο
Γλώσσα:Greek
Δημοσίευση: Μυτιλήνη : Πανεπιστήμιο Αιγαίου, Τμήμα Περιβάλλοντος, 1999
Θέματα:
Διαθέσιμο Online:http://hdl.handle.net/11610/10141
Ετικέτες: Προσθήκη ετικέτας
Δεν υπάρχουν, Καταχωρήστε ετικέτα πρώτοι!

MARC

LEADER 00000cam a2200000 i 4500
001 1/7760
008 000623s1999 gre d
035 |l 10062404 
040 |a GR-MY-UA  |b gre  |e aacr 
041 0 |a gre 
082 0 |a 628.3  |2 (22) 
100 1 |a Σωτηροπούλου, Ραφαέλλα-Ελένη. 
245 1 0 |a Αναερόβιες διεργασίες μονάδων εδαφικής διάθεσης απορριμάτων - κώδικας εκτίμησης ρυθμού παραγωγής βιοαερίου από ΜΕΔΑ :  |b πτυχιακή εργασία /  |c Σωτηροπούλου Ραφαέλλας-Ελένης ; υπεύθυνος καθηγητής Κ. Π. Χαλβαδάκης 
260 |a Μυτιλήνη :   |b Πανεπιστήμιο Αιγαίου, Τμήμα Περιβάλλοντος,   |c 1999 
300 |a 263 σ.;  |b εικ., πιν., σχ.;  |c 30 εκ. 
502 |a Πτυχιακή εργασία – Πανεπιστήμιο Αιγαίου, Λέσβος, 1999. 
504 |a Περιέχει παραρτήματα και βιβλιογραφία 
650 0 0 |a Land treatment of wastewater. 
650 0 0 |a Waste disposal in the ground. 
650 0 0 |a Sewage disposal in the ground. 
650 0 0 |a Biogas. 
650 0 0 |a Dissertations, Academic  |z Greece. 
700 1 |a Χαλβαδάκης, Κωνσταντίνος Π.  |4 ths 
710 2 |a Πανεπιστήμιο Αιγαίου.   |b Σχολή Περιβάλλοντος.   |b Τμήμα Περιβάλλοντος. 
852 |a INST  |b LESVOS  |c DIATR  |e 20000623  |h 541  |p 005100025771  |q 005100025771  |t DIE  |y 23 
852 |a INST  |b LESVOS  |c DIATR  |e 20000623  |h 542  |p 005100025776  |q 005100025776  |t DIE  |y 23 
856 |u http://hdl.handle.net/11610/10141 
901 |a BIBL1-2000-2 
909 |a Λ  |b 080567 
909 |a Λ  |b 080568 
924 |a ΣΩΤΗΡΟΠΟΥΛΟΥ  |b ΡΑΦΑΕΛΛΑ-ΕΛΕΝΗ  |y ΛΕΣΒΟΣ  |z 1999 
970 |a ΑΙΒΑΤΖΙΔΟΥ  |b ΕΛΕΝΗ  |z 2000/06/23